| 000 | 00615nam a2200253Ia 4500 | ||
|---|---|---|---|
| 008 | 210210b2008 xxu||||| |||| 00| 0 eng d | ||
| 020 | _a9780521118712 | ||
| 041 | _aeng | ||
| 082 | _a909.097671 BROK | ||
| 100 | _aBROADBRIDGE (Anne F) | ||
| 245 | _aKingship and ideology in the Islamic and Mongol worlds | ||
| 260 |
_aCambridge _bCambridge University Press _c2008 |
||
| 300 | _axiv,232 | ||
| 650 | _aworlds | ||
| 650 | _athe | ||
| 650 | _amongol | ||
| 650 | _aKingship | ||
| 650 | _aislamic | ||
| 650 | _ain | ||
| 650 | _aideology | ||
| 650 | _aand | ||
| 690 | _aWorld History | ||
| 906 | _a064501 | ||
| 999 |
_c142835 _d142835 |
||